Lumière sur l'Allier - Statistiques

Statistiques générales
  • Ce quiz a été pris 25 fois
  • Le résultat moyen est 5 sur 10
Statistiques - réponses
Hint Réponse % Correct
Quel fleuve traverse le département et lui donne son nom ? Allier
100%
Quelle est la préfecture du département de l’Allier ? Moulins
100%
Quelle ville thermale de l’Allier est célèbre pour ses sources et ses courses hippiques ? Vichy
100%
Quelle ville de l’Allier est connue pour son patrimoine médiéval et son musée des musiques populaires ? Montluçon
70%
Quelle forêt réputée pour ses chênes tricentenaires se trouve dans l’Allier ? Tronçais
61%
Quelle ville de l’Allier est célèbre pour ses thermes romains ? Néris les Bains
22%
Quelle rivière, affluent de la Loire, traverse également le département ? Besbre
17%
Quel roi de France est né à Moulins en 1494, dans le duché de Bourbon ? Charles III
4%
Quel célèbre acteur est né à Moulins en 1967 ? Frédéric Bouraly
4%
Quelle spécialité sucrée à base de pâte d’amande est une spécialité de Moulins ? Négus
0%
Aucun quiz correspondant
Distribution des résultats
% des personnes avec chaque résultat
Percentile par nombre de réponses
Votre historique - résultats
Vous n’avez pas pris ce quiz